Liczby od 1 do 10 w polskim, angielskim i niemieckim - Statystyki

Ogólne statystyki
  • Ten quiz został rozwiązany 111 razy
  • Średni wynik to 28 z 30
Statystyki odpowiedzi
Język Liczba Odpowiedź % Poprawnych
Angielski 1 One
100%
Angielski 2 Two
99%
Polski 2 Dwa
98%
Angielski 5 Five
98%
Angielski 4 Four
98%
Polski 1 Jeden
98%
Angielski 6 Six
98%
Polski 3 Trzy
98%
Polski 4 Cztery
97%
Polski 5 Pięć
97%
Angielski 7 Seven
97%
Polski 6 Sześć
97%
Angielski 10 Ten
97%
Polski 10 Dziesięć
96%
Polski 9 Dziewięć
96%
Angielski 9 Nine
96%
Polski 8 Osiem
96%
Polski 7 Siedem
96%
Angielski 3 Three
96%
Angielski 8 Eight
95%
Niemiecki 3 Drei
89%
Niemiecki 5 Fünf
89%
Niemiecki 7 Sieben
89%
Niemiecki 2 Zwei
88%
Niemiecki 8 Acht
87%
Niemiecki 9 Neun
79%
Niemiecki 1 Eins
77%
Niemiecki 4 Vier
74%
Niemiecki 6 Sechs
73%
Niemiecki 10 Zehn
67%
Nie znaleziono quizów pasujących do podanych kryteriów
Rozkład punktacji
Procent ludzi z każdym wynikiem
Percentyl według liczby udzielonych odpowiedzi
Twoja historia wyników
Nie rozwiązałeś tego quizu